000 00805nam 2200193 4500
001 1335
090 _a1335
100 _a20161218d m||y0pory50 ba
200 _aSintra
_bVisual gráfico
_evila e suburbios
_forganisação [sic]e edição de Camacho Pereira
_gintrodução de Francisco Costa
210 _aLisboa
_cEdições Rotep
_d1975
215 _a1 álbum (4 p. de texto, 40 estampas soltas, 8 p. de índices e notas)
_cprincipalmente il.,
_d24,7x17,3 cm (aprox., cada f.)
225 _aTempos idos
_v12
300 _aReproduções em offset de desenhos, pinturas, gravuras e litografias, principalmente do séc. XIX
300 _aDim. da capa de badanas: 25x18 cm
600 _aCamacho Pereira
601 _aEdições Rotep
675 _a908
_vUPS
_zpor
700 _bPereira,João Camacho
_f1938 -1977
942 _cBK